Statistiques concernant Charades #3

Cliquez ici pour prendre le quiz!

Statistiques générales

  • Ce quiz a été pris 179 fois
  • Le résultat moyen est 21 sur 26

Statistiques - réponses

IndicesRéponses% Correct
1Mon deuxième est le contraire de laid.Beau
99%
1Mon premier est une note de musique.La
99%
1Mon troisième est un rongeur qui vit parfois dans les égouts.Rat
99%
1Mon tout abrite souvent les scientifiques.Laboratoire
98%
1Mon cinquième exprime le fait de de faire de nouveau une action.Re
98%
1Mon quatrième se trouve sur les maisons.Toit
98%
2Mon deuxième est un liquide bu par les nourrissons.Lait
96%
2Mon quatrième va de 0 à 24 au quotidien.Heure
93%
3Mon premier est une note de musique.Fa
84%
4Mon deuxième fait 1000 kilogrammes.Tonne
83%
3Mon troisième est une voyelle.A
82%
2On appuie sur mon tout pour aller plus vite.Accélérateur
82%
4Mon premier dure 31 536 000 secondes.An
82%
2Mon troisième est un organe lymphoïde situé sous la partie gauche du diaphragme.Rate
82%
5Mon deuxième est une personne qui a du mal à entendre.Sourd
81%
2Mon premier est une entrée qui permet de rejoindre un lieu.Accès
80%
5Mon premier est une voyelle.A
78%
5Mon troisième est le nombre de commandement reçus de Dieu par Moïse dans les traditions bibliques.Dix
75%
5Mon tout se dit d’un bruit large et fort.Assourdissant
73%
4Mon tout est pratique pour verser un liquide dans un récipient.Entonnoir
72%
4Mon troisième est une volaille.Oie
72%
5Il ne faut pas perdre trop de mon quatrième sous peine de mourir.Sang
70%
3Mon quatrième désigne familièrement les cheveux.Tif
58%
3On voue mon deuxième à une divinité.Culte
54%
4Mon quatrième est un film français réalisé par Alain Chabat.RRRrrr!!!
54%
3On n’est pas obligé de faire mon tout.Facultatif
52%

Distribution des résultats

Percentile par nombre de réponses

% des personnes avec chaque résultat

Votre développement - résultats

Vous n’avez pas pris ce quiz